[Event "Floripa Chess Open 2024"]
[Site "Florianopolis"]
[Date "2024.01.27"]
[Round "9.208"]
[White "Alves, Lucas Fernando"]
[Black "De Oliveira, Ricardo W Lima"]
[Result "0-1"]
[WhiteElo "1216"]
[BlackElo "1800"]
[PlyCount "51"]
[EventDate "2024.01.20"]
[EventRounds "10"]
[EventCountry "BRA"]

1. e4 c5 2. Nf3 Nc6 3. d4 cxd4 4. Nxd4 Nf6 5. Nc3 a6 6. g3 d5 $146 ({RR} 6...
e5 7. Nf3 Bb4 8. Qd3 Bxc3+ 9. bxc3 Qa5 10. Bd2 Qa4 11. c4 Nb4 12. Bxb4 Qxb4+
13. Nd2 O-O 14. Bg2 Qe7 15. O-O d6 16. Nb3 Be6 17. Rfd1 Rfd8 18. Rab1 Qc7 19.
Nd2 Rdc8 20. Rb4 a5 21. Ra4 {Gonzalez,A-Montes Gutierrez,I Gijon 1999 0-1}) ({
RR} 6... e5 7. Nb3 Bb4 8. Bg2 O-O 9. Bd2 d6 10. a3 Bxc3 11. Bxc3 Be6 12. O-O
Qd7 13. Qe2 Bh3 14. Bxh3 Qxh3 15. Rad1 Rad8 16. f3 Qe6 17. Bd2 h6 18. Be3 Rd7
19. Rd2 Ne7 20. Rfd1 Rc8 21. Bf2 {Skomorohov,G (2217)-Markin,D (2401)
Borisoglebsk 2012 1-0 (56)}) ({RR} 6... g6 7. Bg2 d6 8. h3 Bd7 9. Be3 Bg7 10.
O-O O-O 11. a4 Rc8 12. Qc1 Ne5 13. Bh6 Nc4 14. Bxg7 Kxg7 15. b3 Na5 16. Qd2 Qc7
17. Nde2 Be6 18. Rae1 Qc5 {1/2-1/2 (18) Klyuev,V (1000)-Portych,V (1860)
Pardubice 2017}) ({RR} 6... e5 7. Nde2 b5 8. Bg2 Be7 9. O-O O-O 10. h3 d6 11.
Be3 Bb7 12. Qd2 Na5 13. b3 Qc7 14. f4 Rfd8 15. Rad1 Rac8 16. Bf3 Bc6 17. Qe1
Nb7 18. Qf2 Re8 19. Bb6 Qb8 20. fxe5 dxe5 21. Bg4 {Saarinen,K-Reijo,R Finland
2005 1/2-1/2}) ({RR} 6... e5 7. Nb3 Bb4 8. Bg2 O-O 9. O-O h6 10. Nd5 Nxd5 11.
Qxd5 Be7 12. Be3 d6 13. Qd2 Be6 14. f4 f5 15. exf5 Bxf5 16. Rad1 Kh8 17. h3 Qc7
18. g4 Bh7 19. f5 Rad8 20. Qf2 Rd7 21. Bb6 {Jumma,A-Khouri,A (1957) Abu Dhabi
2007 1-0 (49)}) 7. Nxc6 bxc6 8. Bg2 e6 9. Bg5 Be7 10. O-O d4 11. Ne2 e5 12. f4
c5 13. fxe5 Ng4 14. Bf4 O-O 15. Qd2 g5 16. h3 Nh6 17. Rae1 Be6 18. h4 gxf4 19.
Nxf4 Bd7 20. Rf2 Ng4 21. Rf3 Nxe5 22. Rf2 Rb8 23. b3 Ng6 24. Nh5 Bg4 25. Nf6+
Bxf6 26. Rxf6 0-1

[Event "Floripa Chess Open 2024"]
[Site "Florianopolis"]
[Date "2024.01.27"]
[Round "9.209"]
[White "Fraga, Sofia Carneiro"]
[Black "Wathier, Natalia"]
[Result "1-0"]
[WhiteElo "1174"]
[BlackElo "1800"]
[PlyCount "61"]
[EventDate "2024.01.20"]
[EventRounds "10"]
[EventCountry "BRA"]

1. e4 c5 2. Nc3 d6 3. g3 Nf6 4. Bg2 g6 5. d3 Bg7 6. f4 O-O 7. h3 Nc6 8. Nf3 a6
9. O-O b5 ({RR} 9... Nd7 10. Be3 Nd4 11. Qd2 Rb8 12. f5 b5 13. Bh6 Nxf3+ 14.
Bxf3 Ne5 15. Rf2 f6 16. Be3 b4 17. Ne2 e6 18. g4 exf5 19. exf5 gxf5 20. gxf5
Kh8 21. Nf4 Bh6 22. Ng6+ hxg6 23. Bxh6 Rg8 24. Bd5 {Gdanski,J (2506)-Gashimov,
V (2579) Istanbul 2003 1/2-1/2 (67)}) 10. Be3 ({RR} 10. g4 Bb7 11. Ne2 a5 12.
Ng3 a4 13. c3 b4 14. Bd2 Nd7 15. h4 Qb6 16. Rc1 Ba6 17. Be1 Rab8 18. h5 bxc3
19. bxc3 Qb2 20. Rf2 Qa3 21. hxg6 fxg6 22. Ng5 Nd8 23. Qd2 Nf6 24. Bf3 h6 {
Filipskaya,E (1760)-Babkin,A (1828) Taganrog 2014 1-0 (60)}) 10... Bd7 $146 ({
RR} 10... Ne8 11. Rb1 Be6 12. Ng5 Qc8 13. Nxe6 Qxe6 14. Nd5 Nb4 15. Qd2 Nxd5
16. exd5 Qd7 17. Rf2 f5 18. c4 b4 19. d4 Rc8 20. b3 Nf6 21. Re2 Rfe8 22. Rbe1
Rc7 23. Kh2 h6 24. Bf2 a5 25. Re6 {Tran,N-Phan,D Ho Chi Minh City 2005 1-0 (39)
}) ({RR} 10... b4 11. Ne2 a5 12. a4 Bb7 13. g4 e6 14. Ng3 Nd7 15. Rb1 Nd4 16.
f5 d5 17. Kh1 Qc7 18. Nxd4 cxd4 19. Bf4 e5 20. Bg5 Rac8 21. f6 Bh8 22. Rf2 Rfe8
23. exd5 h6 24. Bxh6 Nxf6 25. Be4 {Bachin,V (2295)-Newerovski,G (2361) St
Petersburg 1999 1-0 (39)}) ({RR} 10... b4 11. Ne2 a5 12. g4 a4 13. Ng3 Rb8 14.
f5 Qb6 15. Qd2 Ba6 16. Kh1 Nd7 17. Rab1 b3 18. axb3 axb3 19. c3 Nde5 20. Nxe5
Nxe5 21. c4 Qb4 22. Qxb4 Rxb4 23. Rfd1 Ra4 24. Ne2 Nc6 25. Bd2 {Stejskal,P 
(1895)-Koutecky,V (2060) Klatovy 2000 1/2-1/2 (38)}) 11. Qe1 Qa5 12. e5 Ne8 13.
Bd2 Qd8 14. g4 Rb8 15. Qg3 Nb4 16. Rac1 Nc6 17. Rfe1 Be6 18. Nh4 Qb6 19. f5 c4+
20. Be3 Bxe5 21. Qxe5 dxe5 22. Bxb6 Rxb6 23. fxe6 fxe6 24. Bxc6 Rxc6 25. dxc4
Rxc4 26. Rxe5 b4 27. Ne2 Nc7 28. Ng3 Kf7 29. Re4 Rxe4 30. Nxe4 h6 31. Rf1+ 1-0

[Event "Floripa Chess Open 2024"]
[Site "Florianopolis"]
[Date "2024.01.27"]
[Round "9.210"]
[White "Kinaki, Giannini Tonial"]
[Black "Santos, Nathaly Camily Ferr"]
[Result "0-1"]
[WhiteElo "1800"]
[BlackElo "1167"]
[PlyCount "88"]
[EventDate "2024.01.20"]
[EventRounds "10"]
[EventCountry "BRA"]

1. d4 d5 2. c4 e6 3. Nc3 Nf6 4. cxd5 exd5 5. Bg5 Be7 6. e3 c6 7. Bd3 O-O 8.
Nge2 Nbd7 9. O-O h6 10. Bh4 Qc7 ({RR} 10... Ne4 11. Bxe7 Qxe7 12. Bxe4 dxe4 13.
Ng3 Nf6 14. f3 exf3 15. Qxf3 Bg4 16. Qf4 Rad8 17. h3 Be6 18. Rad1 Nd5 19. Nxd5
Rxd5 20. e4 Rb5 21. Rd2 Qg5 22. a3 Rd8 23. Rf3 Qxf4 24. Rxf4 Rg5 25. Kf2 {
Doric,D (2464)-Burmakin,V (2594) Zagreb 2011 1/2-1/2 (50)}) ({RR} 10... Nh5 11.
Bxe7 Qxe7 12. Rb1 a5 13. Qc2 Nb6 14. a3 a4 15. Qd1 Qg5 16. Bc2 Bf5 17. Bxf5
Qxf5 18. h3 Nf6 19. Ng3 Qe6 20. Qc2 Rfe8 21. Rfc1 Ne4 22. Ngxe4 dxe4 23. b3 Ra7
24. bxa4 Nd5 25. Nxd5 {Lalith,B (2548)-Kusa,J (2297) Marianske Lazne CZE 2022
1-0 (43)}) 11. Qc2 $146 ({RR} 11. e4 dxe4 12. Nxe4 Ng4 13. Bg3 Qb6 14. h3 Ngf6
15. Rb1 Nxe4 16. Bxe4 Nf6 17. Bd3 Be6 18. a3 Ba2 19. Ra1 Qxb2 20. Qa4 c5 21.
Bf4 Qb3 22. Qxb3 Bxb3 23. dxc5 Bxc5 24. Nc3 b6 25. Ne4 Nxe4 {Bitiev,R-Pervunin,
K Dagomys 2009 0-1 (53)}) 11... Bd6 12. Bg3 Bxg3 13. Nxg3 Re8 14. Rfe1 a6 15.
Rad1 Nb6 16. b3 Bd7 17. h3 Rac8 18. b4 Qd6 19. e4 dxe4 20. Ngxe4 Nxe4 21. Bxe4
Qxb4 22. Re3 Nd5 23. Nxd5 cxd5 24. Bh7+ Kh8 25. Rxe8+ Rxe8 26. Bd3 Ba4 27. Qc7
Bxd1 28. Qxf7 Qe1+ 29. Kh2 Qe7 30. Qxd5 Bg4 31. hxg4 Qh4+ 32. Kg1 Re1+ 33. Bf1
Qe7 34. Qc4 Qd7 35. f3 Rd1 36. Kf2 Qxd4+ 37. Qxd4 Rxd4 38. Ke3 Ra4 39. Bd3 Rxa2
40. Be4 b5 41. g3 b4 42. Bd5 b3 43. Kd3 a5 44. Kc3 a4 0-1

[Event "Floripa Chess Open 2024"]
[Site "Florianopolis"]
[Date "2024.01.27"]
[Round "9.212"]
[White "Seara, Sophia Parisotto"]
[Black "Luzzi Meli, Pedro Allonso"]
[Result "0-1"]
[WhiteElo "1154"]
[BlackElo "1800"]
[PlyCount "94"]
[EventDate "2024.01.20"]
[EventRounds "10"]
[EventCountry "BRA"]

1. d4 b6 2. e4 Bb7 3. Nc3 e6 4. a3 Nf6 5. Bd3 Be7 ({RR} 5... d5 6. e5 Nfd7 7.
Nf3 Be7 8. Ne2 c5 9. c3 Ba6 10. Nf4 Qc8 11. O-O Bxd3 12. Qxd3 Qa6 13. Qd1 Nc6
14. Be3 Na5 15. Nd2 g6 16. b4 Nc4 17. Qe2 cxd4 18. Bxd4 Rc8 19. Nxd5 exd5 20.
e6 {Ehlvest,J (2599)-Blatny,P (2452) New York 2004 1-0 (42)}) 6. Bf4 ({RR} 6.
Nge2 O-O 7. Ng3 c5 8. Be3 Qc7 9. O-O c4 10. Be2 d5 11. e5 Ne4 12. Ncxe4 dxe4
13. f3 a6 14. b3 exf3 15. Bxf3 Bxf3 16. Qxf3 {1-0 (16) Sahin,Z (1332)-Albayrak,
H Konya TUR 2019}) 6... d5 7. e5 Ne4 $146 ({RR} 7... Nfd7 8. Qg4 g5 9. Be3 h5
10. Qg3 a6 11. Nf3 g4 12. Nd2 c5 13. h3 cxd4 14. Bxd4 Nc6 15. Ne2 Nxd4 16. Nxd4
Bh4 17. Nxe6 Bxg3 18. Nxd8 Kxd8 19. fxg3 Nxe5 20. Bf5 Bc8 21. O-O Ke7 22. Rae1
{Peyre,T (1919)-Gaulin,B (2104) Fouesnant 2008 1/2-1/2 (32)}) 8. Nge2 Bg5 9.
O-O Nd7 10. Bg3 Qe7 11. f4 Nxg3 12. Nxg3 Bh6 13. Nce2 c5 14. c3 O-O-O 15. b3 g5
16. f5 f6 17. fxe6 Qxe6 18. exf6 Qe3+ 19. Kh1 g4 20. Nf5 Qg5 21. Nd6+ Kc7 22.
Nf7 Qe3 23. Nxd8 Kxd8 24. Bf5 Nxf6 25. Qd3 Ne4 26. Bxe4 dxe4 27. Qxe3 Bxe3 28.
Rad1 Bg5 29. Ng3 e3 30. Rfe1 Rf8 31. Rf1 Rxf1+ 32. Rxf1 cxd4 33. cxd4 Ba6 34.
Re1 Kd7 35. a4 Ke6 36. b4 Bd3 37. Kg1 Kd5 38. Nf1 e2 39. Ng3 Be3+ 40. Kh1 Bf2
41. Rxe2 Bxe2 42. Nxe2 Bxd4 43. g3 Kc4 44. Nxd4 Kxd4 45. Kg2 Kc4 46. a5 Kxb4
47. axb6 axb6 0-1

[Event "Floripa Chess Open 2024"]
[Site "Florianopolis"]
[Date "2024.01.27"]
[Round "9.213"]
[White "Da Silva Junior, Jose Cacio"]
[Black "Nilson, Ramiro"]
[Result "0-1"]
[WhiteElo "1139"]
[BlackElo "1800"]
[PlyCount "60"]
[EventDate "2024.01.20"]
[EventRounds "10"]
[EventCountry "BRA"]

1. e4 e5 2. Nf3 Nc6 3. Bc4 h6 4. d3 Nf6 5. c3 d6 6. Be3 ({RR} 6. a4 g6 7. a5 a6
8. Nbd2 Bg7 9. Nf1 d5 10. exd5 Nxd5 11. Qb3 Nce7 12. Ne3 c6 13. h3 O-O 14. Ng4
Nf5 15. O-O f6 16. Re1 Re8 17. Ne3 Nfe7 18. Nf1 Nf5 19. Ne3 Nfe7 20. Nc2 Nf5 {
Tseshkovsky,V (2510)-Nikcevic,N (2540) Ulcinj 1997 1-0}) 6... a6 ({RR} 6... g5
7. Qe2 Bg7 8. Na3 O-O 9. h4 g4 10. Nh2 Ne7 11. f3 Qd7 12. Nxg4 Nxg4 13. fxg4
Qxg4 14. Qxg4 Bxg4 15. Nb5 Rac8 16. Nxa7 Rcd8 17. Nb5 c6 18. Na3 Kh7 19. O-O f5
20. g3 b5 21. Be6 {Ozsoy,A (2088)-Hart,A (1850) Veliko Gradiste SRB 2019 1/2-1/
2 (55)}) 7. O-O $146 ({RR} 7. a4 Be7 8. Qb3 O-O 9. a5 Rb8 10. Qa2 b5 11. Bd5
Qd7 12. Bb3 Ng4 13. O-O Nxe3 14. fxe3 Qg4 15. Nbd2 Nd8 16. d4 Qh5 17. Rf2 Be6
18. Bxe6 Nxe6 19. b4 exd4 20. exd4 Nf4 21. Nf1 Rbe8 {Kirchner,T (2275)-Emodi,G
(2335) Debrecen 1993 0-1 (56)}) ({RR} 7. Nbd2 Be7 8. O-O O-O 9. Ne1 Bd7 10. Qf3
Bg4 11. Qg3 Kh8 12. f3 Bd7 13. Qf2 Rb8 14. b4 b5 15. Bb3 Be6 16. Bxe6 fxe6 17.
a4 d5 18. Bc5 Bxc5 19. Qxc5 Qd7 20. axb5 axb5 21. Nc2 Rfe8 {Sadroschinski,D 
(1183)-Karthaeuser,J (1320) Kranenburg 2005 1/2-1/2 (35)}) ({RR} 7. a3 Be7 8.
O-O O-O 9. Nbd2 Ng4 10. Qe2 Nxe3 11. fxe3 Bf6 12. Rf2 Re8 13. Raf1 Be6 14. d4
exd4 15. cxd4 Bxc4 16. Qxc4 Rc8 17. Qd3 Na7 18. b4 c5 19. d5 cxb4 20. axb4 Rc3
21. Qb1 Qb6 {Jacobs,A-Aydin,H Rimavska Sobota 1996 0-1 (34)}) 7... Ng4 8. Re1
Nxe3 9. Rxe3 Bd7 10. Qb3 Ke7 11. Bxf7 Na5 12. Qb4 c5 13. Qa3 Kxf7 14. b4 cxb4
15. cxb4 Nc6 16. Qb3+ Be6 17. Qb2 Be7 18. Nc3 Rf8 19. Rd1 Nd4 20. Ne2 Nxf3+ 21.
Rxf3+ Kg8 22. h3 Rxf3 23. gxf3 Bxh3 24. Kh2 Qd7 25. Rg1 Bf6 26. Qd2 g5 27. Ng3
Rf8 28. Nh5 Bd8 29. Rg3 Be6 30. a3 Kh7 0-1

[Event "Floripa Chess Open 2024"]
[Site "Florianopolis"]
[Date "2024.01.27"]
[Round "9.215"]
[White "Leite, Gina Dourado Rocha"]
[Black "Rolim, Claudia Vitoria Fer"]
[Result "0-1"]
[WhiteElo "1418"]
[BlackElo "1745"]
[PlyCount "50"]
[EventDate "2024.01.20"]
[EventRounds "10"]
[EventCountry "BRA"]

1. e4 c5 2. Nf3 g6 3. Bc4 Bg7 4. c3 Nc6 5. O-O d6 6. d3 Nf6 7. Be3 ({RR} 7.
Nbd2 O-O 8. Bb3 b5 9. Re1 a5 10. a3 a4 11. Bc2 e5 12. Nf1 Nd7 13. Ng3 Nb6 14.
Bg5 f6 15. Be3 f5 16. exf5 gxf5 17. d4 cxd4 18. cxd4 e4 19. d5 Ne5 20. Nxe5
Bxe5 21. Rb1 Nc4 {Kobalia,M (2643)-Fedorov,A (2617) playchess.com INT 2006 0-1
(66)}) 7... O-O 8. a3 $146 ({RR} 8. Nbd2 Na5 9. Bb3 Nxb3 10. Qxb3 Qc7 11. Rac1
Be6 12. c4 h6 13. Bf4 a6 14. a4 b5 15. h3 Rfb8 16. axb5 Rxb5 17. Qc2 Rb4 18. b3
a5 19. Ra1 Nh5 20. Bxd6 exd6 21. Ra2 Qb7 22. Rb1 Bd7 {Huennekes,F (1250)
-Rothkugel,W (1603) Kleve 2002 0-1 (35)}) ({RR} 8. Nbd2 a6 9. a4 Rb8 10. Re1 b5
11. axb5 axb5 12. Ba2 Nd7 13. Nf1 Nf6 14. Ng3 Ng4 15. Bd2 Nce5 16. Nxe5 Nxe5
17. Bf4 Ng4 18. h3 Nf6 19. e5 dxe5 20. Bxe5 Rb7 21. Qf3 Rd7 22. Rad1 Bb7 {
Winkler,S (1251)-Braeutigam,K (1064) Willingen 2017 1-0 (43)}) ({RR} 8. Bb3 Bg4
9. h3 Bxf3 10. Qxf3 a5 11. a3 a4 12. Ba2 b5 13. d4 b4 14. Nd2 b3 15. Bb1 cxd4
16. Bxd4 Nxd4 17. cxd4 Qb6 18. Qe3 Nd7 19. Nf3 f5 20. exf5 gxf5 21. Qe6+ Kh8
22. Qxd7 e5 {Martin,K (1448)-Morgan,W (1288) England 2002 1-0 (37)}) ({RR} 8.
Qc1 Re8 9. Bh6 Bh8 10. Qc2 Ng4 11. Bg5 Nge5 12. Nxe5 Nxe5 13. Bd5 Qc7 14. Qb3
Rb8 15. d4 c4 16. Qa4 b5 17. Qd1 Nd3 18. Qf3 e6 19. Bxe6 fxe6 20. Nd2 Rf8 21.
Qe3 Nxb2 22. Bh6 Rf7 {Rubert,A (1340)-Husser,M (1690) Selestat 2006 0-1 (31)})
8... a6 9. Nbd2 b5 10. Bb3 Bb7 11. Re1 Re8 12. Ng5 e6 13. Ndf3 Ng4 14. Nxe6
fxe6 15. Bg5 Bf6 16. Bxf6 Qxf6 17. Qd2 Nce5 18. Rf1 Nxf3+ 19. gxf3 Ne5 20. Kh1
Nxf3 21. Qh6 d5 22. Qh3 dxe4 23. Bd1 exd3 24. Kg2 Ng5+ 25. Bf3 Bxf3+ 0-1

[Event "Floripa Chess Open 2024"]
[Site "Florianopolis"]
[Date "2024.01.27"]
[Round "9.216"]
[White "Goncalves, Maria Talissa Neves"]
[Black "Port, Ana Lucia Capriles"]
[Result "1-0"]
[WhiteElo "1224"]
[BlackElo "1721"]
[PlyCount "50"]
[EventDate "2024.01.20"]
[EventRounds "10"]
[EventCountry "BRA"]

1. e4 e5 2. Nf3 Nc6 3. Nc3 Bc5 4. Bc4 Nf6 5. O-O d6 6. d3 O-O 7. Be3 Nd4 ({RR} 
7... Bg4 8. Nb1 Qe7 9. Nbd2 Rad8 10. Nb3 Bb6 11. Bxb6 axb6 12. Qe2 Nh5 13. c3
Kh8 14. Qe3 f5 15. Nbd2 Nf4 16. h3 Bh5 17. Bd5 Qf6 18. Bxc6 bxc6 19. d4 Qg6 20.
Ne1 Nxg2 21. Qg3 Nf4 22. Kh2 {Henni,M-Almasi,Z (2470) Duisburg 1992 0-1}) 8. h3
({RR} 8. Re1 Bg4 9. Bxd4 Bxd4 10. h3 Bh5 11. Nd5 Nxd5 12. Bxd5 c6 13. c3 Bb6
14. Bb3 Qf6 15. Rc1 Rad8 16. d4 Rd7 17. Qd3 Rfd8 18. Bd1 Bxf3 19. Bxf3 exd4 20.
Rcd1 c5 21. Bg4 Re7 22. Bf5 Rc7 {Valcarcel,M (1251)-Martins,A (1747) Brasilia
2017 0-1 (37)}) 8... a6 9. a3 $146 ({RR} 9. Bg5 b5 10. Bb3 h6 11. Bh4 c6 12.
Nxd4 Bxd4 13. Qf3 a5 14. Bxf6 Qxf6 15. Qxf6 gxf6 16. a3 a4 17. Ba2 Kh8 18. Nd1
Rg8 19. Kh2 Bd7 20. c3 Rg7 21. cxd4 exd4 22. f4 f5 23. Nf2 Rag8 {Winters,J 
(1443)-Swatek,M (780) Norman 2004 1-0 (52)}) 9... c6 10. Bxd4 Bxd4 11. Nxd4
exd4 12. Ne2 c5 13. Qd2 Re8 14. Ng3 Be6 15. Rfe1 Bxc4 16. dxc4 g6 17. Re2 Nh5
18. Rae1 Qf6 19. Nxh5 gxh5 20. Qd3 Re6 21. Qg3+ Kh8 22. e5 Qf5 23. exd6 Rg6 24.
Qe5+ Qxe5 25. Rxe5 Rxd6 1-0

[Event "Floripa Chess Open 2024"]
[Site "Florianopolis"]
[Date "2024.01.27"]
[Round "9.217"]
[White "Borges, Lorenzo Kurrle"]
[Black "Oga, Dora Mantelle"]
[Result "1/2-1/2"]
[WhiteElo "1800"]
[BlackElo "1800"]
[PlyCount "86"]
[EventDate "2024.01.20"]
[EventRounds "10"]
[EventCountry "BRA"]

1. d4 Nf6 2. Nf3 g6 3. e3 Bg7 4. Be2 d6 5. c4 Nbd7 6. Nc3 e5 7. O-O ({RR} 7.
Qc2 O-O 8. b4 Re8 9. Bb2 a5 10. a3 e4 11. Nd2 Qe7 12. Nb3 axb4 13. axb4 Rxa1+
14. Bxa1 h5 15. h3 Nf8 16. Bb2 g5 17. Nd2 g4 18. hxg4 hxg4 19. Nf1 Bf5 20. Ng3
Bg6 21. Qa4 c5 {Schneider,S (2359)-Onischuk,V (2620) Stockholm 2016 1/2-1/2 
(31)}) ({RR} 7. b4 O-O 8. b5 Re8 9. O-O e4 10. Nd2 Nf8 11. f3 exf3 12. Nxf3 Bh6
13. e4 Bxc1 14. Qxc1 Nxe4 15. Nxe4 Rxe4 16. Bd3 Re8 17. Qh6 Qf6 18. Qd2 Qg7 19.
Rae1 Bg4 20. Be4 Ne6 21. Bxb7 Rab8 {Van Vliet,D (2056)-Ozen,B (2388) Prague
2017 1-0 (42)}) 7... e4 $146 ({RR} 7... a5 8. b3 O-O 9. Bb2 exd4 10. exd4 Nh5
11. Qd2 Ndf6 12. Rfe1 d5 13. h3 Ne4 14. Nxe4 dxe4 15. Nh2 Qh4 16. Bxh5 gxh5 17.
d5 Bxb2 18. Qxb2 Ra6 19. Nf1 Qg5 20. Qd2 Qg7 21. Ng3 Re8 22. Rad1 {O`Gorman,B 
(164)-Taylor,R (169) Aberystwyth 2014 1/2-1/2 (32)}) 8. Ng5 Qe7 9. Qc2 O-O 10.
Ngxe4 Nxe4 11. Nxe4 f5 12. Ng3 Nf6 13. f3 Re8 14. Re1 Kh8 15. Bd3 d5 16. e4
dxe4 17. fxe4 Nxe4 18. Nxe4 Bxd4+ 19. Be3 Bxe3+ 20. Rxe3 fxe4 21. Rxe4 Qc5+ 22.
Kh1 Bf5 23. Rxe8+ Rxe8 24. Bxf5 gxf5 25. h3 Qe5 26. Qf2 b6 27. Rd1 a5 28. Qd4
Qxd4 29. Rxd4 Re2 30. b3 Rxa2 31. Rd8+ Kg7 32. Rd7+ Kg6 33. Rxc7 Rb2 34. Rc6+
Kg5 35. Rxb6 a4 36. c5 a3 37. Ra6 a2 38. Kh2 f4 39. c6 f3 40. c7 Rxg2+ 41. Kh1
Rc2 42. Rxa2 Rxc7 43. Kg1 Kh4 1/2-1/2

[Event "Floripa Chess Open 2024"]
[Site "Florianopolis"]
[Date "2024.01.27"]
[Round "9.218"]
[White "Barbetta Silva, Maria Eduarda"]
[Black "De Lima, Ismael Do Prado Nog"]
[Result "0-1"]
[WhiteElo "1800"]
[BlackElo "1043"]
[PlyCount "101"]
[EventDate "2024.01.20"]
[EventRounds "10"]
[EventCountry "BRA"]

1. d4 Nf6 2. Nf3 e6 3. e3 d5 4. Bd3 c5 5. b3 Nc6 6. a3 Bd7 ({RR} 6... Qa5+ 7.
Nbd2 cxd4 8. exd4 Qc3 9. Rb1 Nxd4 10. Nxd4 Qxd4 11. Ne4 Qb6 12. Nxf6+ gxf6 13.
Qf3 f5 14. O-O Bg7 15. Qg3 O-O 16. c4 dxc4 17. bxc4 Qd4 18. Rb3 Qf6 19. Be2 e5
20. f4 e4 21. Bb2 {Zarubin,P (2420)-Makarichev,S (2540) Moscow 1994 1/2-1/2})
7. O-O ({RR} 7. Bb2 Be7 8. Nbd2 O-O 9. O-O Qc7 10. c4 cxd4 11. exd4 Bd6 12. h3
Rfc8 13. c5 Bf4 14. b4 b6 15. b5 Ne7 16. c6 Be8 17. Qc2 a6 18. a4 Bd6 19. Rfe1
a5 20. Rac1 Kh8 21. Qd1 Kg8 {Coman,G (1404)-Kocak,H (1105) Baile Felix 2017
1-0 (35)}) 7... Bd6 8. Bb2 O-O 9. Nbd2 $146 ({RR} 9. Ne5 Bc8 10. f4 cxd4 11.
exd4 Qb6 12. Kh1 Kh8 13. c3 Nd7 14. Rf3 f6 15. Rh3 fxe5 16. Rxh7+ Kg8 17. Qh5
exf4 18. Rh8# {1-0 (18) Perera,P (1923)-Yang,R (1625) Cammeray 2013}) 9... Re8
10. Re1 e5 11. dxe5 Nxe5 12. Nxe5 Bxe5 13. Bxe5 Rxe5 14. Nf3 Bg4 15. Be2 Bxf3
16. Bxf3 Qd7 17. h3 h5 18. Rb1 Rd8 19. c3 Ne4 20. Qc2 f5 21. Rbd1 Qf7 22. c4 g6
23. Be2 Nf6 24. Bf3 Ne4 25. cxd5 Rdxd5 26. Rxd5 Qxd5 27. Rd1 Qc6 28. Rd8+ Kg7
29. Qc4 Re6 30. Bxe4 fxe4 31. Qc3+ Rf6 32. Qe5 Kf7 33. Qd5+ Qxd5 34. Rxd5 Rb6
35. Rxc5 Rxb3 36. Ra5 a6 37. Kh2 Rb2 38. Kg3 h4+ 39. Kxh4 Rxf2 40. Kg3 Re2 41.
Rc5 Rxe3+ 42. Kf2 Rxa3 43. Rc7+ Kf6 44. Rxb7 Kf5 45. Rf7+ Kg5 46. g3 a5 47. h4+
Kh5 48. Rh7+ Kg4 49. Rg7 Rf3+ 50. Ke2 Rxg3 51. h5 0-1

[Event "Floripa Chess Open 2024"]
[Site "Florianopolis"]
[Date "2024.01.27"]
[Round "9.219"]
[White "Sikorski, Valentim Enrico"]
[Black "Justiniano Flores, Tsuyoko Fernanda"]
[Result "0-1"]
[WhiteElo "1636"]
[BlackElo "1800"]
[PlyCount "48"]
[EventDate "2024.01.20"]
[EventRounds "10"]
[EventCountry "BRA"]

1. e4 e5 2. Nf3 Nc6 3. Bb5 a6 4. Ba4 b5 5. Bb3 a5 6. c3 a4 7. Bc2 Bc5 ({RR} 
7... Nf6 8. d3 Bc5 9. O-O d6 10. h3 O-O 11. Qe2 b4 12. Rd1 d5 13. d4 dxe4 14.
Nxe5 Nxe5 15. dxe5 Nd7 16. Qxe4 Ra7 17. Qxh7# {1-0 (17) Qin,J (1708)-Lal,K
Auckland 2017}) 8. O-O Nf6 9. h3 O-O 10. Qe2 $146 ({RR} 10. d4 exd4 11. cxd4
Bb6 12. Re1 Nb4 13. a3 Nxc2 14. Qxc2 d5 15. e5 Nh5 16. Bg5 f6 17. exf6 Nxf6 18.
Nc3 h6 19. Bh4 c6 20. Rad1 Qd6 21. Ne5 Bc7 22. Bg3 Re8 23. Ng6 Rxe1+ 24. Rxe1
Qd8 {Garcia,M-Herrero Fernandez,G Spain 1997 1/2-1/2}) 10... Rb8 11. Re1 d6 12.
d3 Nh5 13. b4 Nf4 14. Bxf4 exf4 15. bxc5 Qf6 16. cxd6 Qg6 17. dxc7 Bxh3 18. Nh4
Qg5 19. g3 fxg3 20. fxg3 Qxg3+ 21. Ng2 Ne5 22. cxb8=Q Rxb8 23. d4 Nf3+ 24. Kh1
Qh2# 0-1

[Event "Floripa Chess Open 2024"]
[Site "Florianopolis"]
[Date "2024.01.27"]
[Round "9.220"]
[White "Sikorski, Bruno Emilio Trizot"]
[Black "Nogueira, Manuela Mahara Buch"]
[Result "1-0"]
[WhiteElo "1800"]
[BlackElo "1666"]
[PlyCount "73"]
[EventDate "2024.01.20"]
[EventRounds "10"]
[EventCountry "BRA"]

1. e4 e5 2. Nf3 Nc6 3. Bb5 Bc5 4. c3 d6 5. d4 exd4 6. cxd4 Bb6 ({RR} 6... Bb4+
7. Bd2 Bxd2+ 8. Nbxd2 Bd7 9. d5 Nce7 10. Qb3 c6 11. dxc6 bxc6 12. Bc4 Nh6 13.
O-O O-O 14. h3 Kh8 15. Qa3 c5 16. Rad1 f5 17. e5 Bc6 18. exd6 Qxd6 19. Rfe1 Ng6
20. Re6 Qd7 21. Rde1 {Bobras,P (2481)-Magomedov,M (2575) Cappelle-la-Grande
2005 1-0 (37)}) ({RR} 6... Bb4+ 7. Bd2 Bxd2+ 8. Nbxd2 Bd7 9. O-O Nge7 10. Re1
O-O 11. h3 Ng6 12. Nf1 Nce7 13. Bc4 Be6 14. Bxe6 fxe6 15. Ng5 Qd7 16. Qg4 Nf4
17. d5 Rf6 18. dxe6 Nxe6 19. e5 Rf5 20. Nxe6 Qxe6 21. exd6 {Lazor,V (2202)
-Leakovic,M (1747) Bosnjaci 2015 1-0}) 7. d5 a6 8. Ba4 Nge7 $146 ({RR} 8...
Ba5+ 9. Bd2 b5 10. dxc6 Bxd2+ 11. Nbxd2 bxa4 12. Qxa4 Nf6 13. O-O O-O 14. Rfe1
Re8 15. Qc4 Be6 16. Qc2 Rb8 17. e5 dxe5 18. Nxe5 Qd5 19. b3 Rb6 20. Rad1 Bh3
21. Ndf3 Qe6 22. Nd7 Qxc6 23. Qxc6 {Pongratz,P-Ziegler,T Germany 2001 1-0 (37)}
) ({RR} 8... Bd7 9. dxc6 Bxc6 10. Bxc6+ bxc6 11. O-O Nf6 12. Nc3 O-O 13. Bg5 h6
14. Bh4 Re8 15. Qa4 c5 16. Rfe1 Qd7 17. Bxf6 Qxa4 18. Nxa4 gxf6 19. Nc3 Rad8
20. Nd5 Kg7 21. Nh4 Ba5 22. Re3 c6 23. Nf5+ {Rizzo,M (1915)-Powell,M
Thessaloniki 1984 1-0 (31)}) ({RR} 8... Bd7 9. dxc6 bxc6 10. O-O Nf6 11. e5 Ne4
12. exd6 cxd6 13. Nc3 Nc5 14. Re1+ Kf8 15. Qxd6+ Kg8 16. Bxc6 Ra7 17. Nd5 Bxc6
18. Qxc6 Nd7 19. Nxb6 h6 20. Nxd7 Rxd7 21. Bf4 Kh7 22. Qe4+ g6 23. h4 {Ananjev,
A-Bosman,J Osterode 1997 1-0}) 9. dxc6 Nxc6 10. Nd4 Bd7 11. Nxc6 bxc6 12. O-O
O-O 13. Nd2 Qf6 14. Qf3 Qg6 15. Nc4 Rfe8 16. Re1 Re6 17. Nxb6 Rf6 18. Qc3 Bh3
19. g3 cxb6 20. Qxc6 Rf8 21. Qxb6 Qg4 22. Bd1 Rf3 23. a4 h6 24. Ra3 Qd7 25.
Bxf3 Re8 26. Qxa6 d5 27. Rd3 Qe6 28. Qxe6 fxe6 29. exd5 Rf8 30. dxe6 Re8 31. e7
g6 32. Rd8 Rxd8 33. exd8=Q+ Kg7 34. Qe7+ Kg8 35. Bd5+ Kh8 36. Qf8+ Kh7 37. Qg8#
1-0